X : (Record no. 1826)
[ view plain ]
| 000 -LEADER | |
|---|---|
| fixed length control field | 01536cas a2200481 a 4500 |
| 001 - CONTROL NUMBER | |
| control field | data |
| 005 - DATE AND TIME OF LATEST TRANSACTION | |
| control field | 20260322212120.0 |
| 008 - FIXED-LENGTH DATA ELEMENTS--GENERAL INFORMATION | |
| fixed length control field | data |
| 035 ## - SYSTEM CONTROL NUMBER | |
| System control number | 11457207 |
| 010 ## - LIBRARY OF CONGRESS CONTROL NUMBER | |
| LC control number | 95655581 |
| 035 ## - SYSTEM CONTROL NUMBER | |
| System control number | (OCoLC)32280813 |
| 040 ## - CATALOGING SOURCE | |
| Original cataloging agency | DLC |
| Language of cataloging | eng |
| Transcribing agency | DLC |
| Modifying agency | OCLCQ |
| -- | OCLCQ |
| -- | OCLCO |
| -- | OCLCF |
| -- | OCLCQ |
| 041 0# - LANGUAGE CODE | |
| Language code of text/sound track or separate title | eng |
| -- | eng |
| 042 ## - AUTHENTICATION CODE | |
| Authentication code | pcc |
| 043 ## - GEOGRAPHIC AREA CODE | |
| Geographic area code | n-mx--- |
| 050 00 - LIBRARY OF CONGRESS CALL NUMBER | |
| Classification number | NX514.A1 |
| Item number | M49 |
| 050 14 - LIBRARY OF CONGRESS CALL NUMBER | |
| Classification number | F1202 |
| Item number | .X35 |
| 130 0# - MAIN ENTRY--UNIFORM TITLE | |
| Uniform title | X (Mexico City, Mexico) |
| 245 10 - TITLE STATEMENT | |
| Title | X : |
| Remainder of title | revista internacional de arte y cultura = X : international review of arts and culture. |
| 246 30 - VARYING FORM OF TITLE | |
| Title proper/short title | Revista internacional de arte y cultura |
| 246 30 - VARYING FORM OF TITLE | |
| Title proper/short title | International review of arts and culture |
| 249 0# - | |
| -- | ACQUIRE Title: |
| -- | Revista Internacional de arte y cultura. |
| 260 ## - PUBLICATION, DISTRIBUTION, ETC. | |
| Place of publication, distribution, etc. | México, D.F. : |
| Name of publisher, distributor, etc. | Editorial Arte y Cultura, |
| Date of publication, distribution, etc. | [1994?-] |
| 300 ## - PHYSICAL DESCRIPTION | |
| Extent | volumes : |
| Other physical details | illustrations ; |
| Dimensions | 33 cm |
| 310 ## - CURRENT PUBLICATION FREQUENCY | |
| Current publication frequency | Three issues a year |
| 336 ## - CONTENT TYPE | |
| Content type term | text |
| Content type code | txt |
| Source | rdacontent |
| 337 ## - MEDIA TYPE | |
| Media type term | unmediated |
| Media type code | n |
| Source | rdamedia |
| 338 ## - CARRIER TYPE | |
| Carrier type term | volume |
| Carrier type code | nc |
| Source | rdacarrier |
| 362 0# - DATES OF PUBLICATION AND/OR SEQUENTIAL DESIGNATION | |
| Dates of publication and/or sequential designation | 1 (verano 1994)- |
| 546 ## - LANGUAGE NOTE | |
| Language note | Spanish and English. |
| 590 ## - LOCAL NOTE (RLIN) | |
| Local note | SERBIB/SERLOC merged record |
| 592 ## - | |
| -- | ACQN: aq 95000634 |
| 650 #0 - SUBJECT ADDED ENTRY--TOPICAL TERM | |
| Topical term or geographic name entry element | Arts, Mexican. |
| 650 #0 - SUBJECT ADDED ENTRY--TOPICAL TERM | |
| Topical term or geographic name entry element | Arts. |
| 650 #7 - SUBJECT ADDED ENTRY--TOPICAL TERM | |
| Topical term or geographic name entry element | Arts. |
| Source of heading or term | fast |
| Authority record control number or standard number | (OCoLC)fst00817721 |
| 650 #7 - SUBJECT ADDED ENTRY--TOPICAL TERM | |
| Topical term or geographic name entry element | Arts, Mexican. |
| Source of heading or term | fast |
| Authority record control number or standard number | (OCoLC)fst00818133 |
| 890 ## - | |
| -- | X (Mexico City, Mexico) |
| -- | 95-655581 |
| 906 ## - LOCAL DATA ELEMENT F, LDF (RLIN) | |
| a | 7 |
| b | cbc |
| c | serials |
| d | u |
| e | ncip |
| f | 19 |
| g | n-oclcserc |
| 920 ## - | |
| -- | Keep 1 |
| 991 ## - | |
| -- | c-GenColl |
| -- | NX514.A1 |
| -- | M49 |
| -- | SERIALS |
| 992 ## - | |
| -- | SER |
| -- | SERLOC |
| Withdrawn status | Lost status | Damaged status | Not for loan | Home library | Current library | Shelving location | Date acquired | Total checkouts | Full call number | Barcode | Date last seen | Price effective from | Koha item type |
|---|---|---|---|---|---|---|---|---|---|---|---|---|---|
| Franklin | Franklin | General stacks | 22/03/2026 | NX514.A1 | LOC-FRL-00062 | 22/03/2026 | 22/03/2026 | Books |